Instantný román o generácii

Podrobná bibliografia
Hlavný autor: Taranenková, Ivana, 1976- (Autor)
Médium: Článok
Jazyk:slovenčina
ISSN:1336-5584
Predmet:

MARC

LEADER 00000nab a2200000 ar4500
001 vtls008998383
003 SK-MaSNL
005 20260303065842.0
008 070613c2007 xo mr|p|||||||000 b|slo
015 |a SNBRB2007/06  |2 snkbucl 
038 |a SNKBUCL 
040 |a SNKBUCL  |b slo  |c SNKBUCL  |e AACR2 
041 0 |a slo 
044 |a xo  |c SK 
080 |a 82.09:821.162.4-31  |x (048)  |2 2001 
080 |a 821.162.4-31  |x (048)  |2 2001 
100 1 |a Taranenková, Ivana,  |d 1976-   |4 aut  |9 103944 
245 1 0 |a Instantný román o generácii  |c Ivana Taranenková 
650 0 7 |a spoločenské romány, slovenské  |x recenzie  |2 snkbucl  |9 872816 
655 7 |a recenzie  |2 snkbucl  |9 21907 
773 0 |t Knihy a spoločnosť  |g Štvrtý ročník, č. 5 (2007), s. 15  |x 1336-5584 
787 0 8 |i Rec.:  |a Klimáček, Viliam, 1958-  |t Námestie kozmonautov  |d Levice : Koloman Kertész Bagala L.C.A. Publishers Group, 2007  |z 8089129935 
852 |a SNK  |b KIS3GCP 
958 |a LX 
958 |a SK 
958 |a RC 
999 |c 1752989  |d 1754919